<?xml version="1.0" encoding="UTF-8"?>
<record
    xmlns:xsi="http://www.w3.org/2001/XMLSchema-instance"
    xsi:schemaLocation="http://www.loc.gov/MARC21/slim http://www.loc.gov/standards/marcxml/schema/MARC21slim.xsd"
    xmlns="http://www.loc.gov/MARC21/slim">

  <leader>01138nac a22002171u 4500</leader>
  <controlfield tag="008">100718s1977    ku|||||r|||| 000 0 ara d</controlfield>
  <datafield tag="082" ind1=" " ind2=" ">
    <subfield code="b">&#x628; &#x62F; &#x648;</subfield>
    <subfield code="a">184</subfield>
  </datafield>
  <datafield tag="100" ind1=" " ind2=" ">
    <subfield code="a">&#x628;&#x62F;&#x648;&#x64A;&#x60C;&#x639;&#x628;&#x62F; &#x627;&#x644;&#x631;&#x62D;&#x645;&#x646;</subfield>
    <subfield code="9">16353</subfield>
  </datafield>
  <datafield tag="245" ind1=" " ind2=" ">
    <subfield code="a">&#x627;&#x644;&#x623;&#x641;&#x644;&#x627;&#x637;&#x648;&#x646;&#x64A;&#x629; &#x627;&#x644;&#x645;&#x62D;&#x62F;&#x62B;&#x629; &#x639;&#x646;&#x62F; &#x627;&#x644;&#x639;&#x631;&#x628; :</subfield>
    <subfield code="b">&#x627;&#x628;&#x631;&#x642;&#x644;&#x633; : "&#x627;&#x644;&#x62E;&#x64A;&#x631; &#x627;&#x644;&#x645;&#x62D;&#x636; " , "&#x641;&#x64A; &#x642;&#x62F;&#x645; &#x627;&#x644;&#x639;&#x627;&#x644;&#x645; " , "&#x641;&#x64A; &#x627;&#x644;&#x645;&#x633;&#x627;&#x626;&#x644; &#x627;&#x644;&#x637;&#x628;&#x64A;&#x639;&#x64A;&#x629; " &#x647;&#x631;&#x645;&#x633; : &#x645;&#x639;&#x627;&#x62F;&#x644;&#x629;&#x627;&#x644;&#x646;&#x641;&#x633; &#x623;&#x641;&#x644;&#x627;&#x637;&#x648;&#x646; : &#x627;&#x644;&#x631;&#x648;&#x627;&#x628;&#x64A;&#x639; /</subfield>
    <subfield code="c">&#x627;&#x628;&#x631;&#x642;&#x644;&#x633; &#x61B;&#x647;&#x631;&#x645;&#x633; &#x61B;&#x623;&#x641;&#x644;&#x627;&#x637;&#x648;&#x646; &#x61B;&#x62D;&#x642;&#x642;&#x647;&#x627; &#x648;&#x642;&#x62F;&#x645; &#x644;&#x647;&#x627; &#x639;&#x628;&#x62F; &#x627;&#x644;&#x631;&#x62D;&#x645;&#x646; &#x628;&#x62F;&#x648;&#x64A;</subfield>
  </datafield>
  <datafield tag="250" ind1=" " ind2=" ">
    <subfield code="a">&#x637;2</subfield>
  </datafield>
  <datafield tag="260" ind1=" " ind2=" ">
    <subfield code="a">&#x627;&#x644;&#x643;&#x648;&#x64A;&#x62A;  :</subfield>
    <subfield code="b">&#x648;&#x643;&#x627;&#x644;&#x629; &#x627;&#x644;&#x645;&#x637;&#x628;&#x648;&#x639;&#x627;&#x62A;,1977</subfield>
    <subfield code="c">1977.</subfield>
  </datafield>
  <datafield tag="300" ind1=" " ind2=" ">
    <subfield code="a">272 &#x635;&#x61B;</subfield>
    <subfield code="c">24 &#x633;&#x645;.</subfield>
  </datafield>
  <datafield tag="511" ind1=" " ind2=" ">
    <subfield code="a">Catalogued by: Sara</subfield>
  </datafield>
  <datafield tag="541" ind1=" " ind2=" ">
    <subfield code="a">&#x627;&#x644;&#x641; &#x628;&#x627;&#x621;&#x61B;</subfield>
    <subfield code="c">&#x634;&#x631;&#x627;&#x621;&#x61B;</subfield>
  </datafield>
  <datafield tag="650" ind1=" " ind2=" ">
    <subfield code="a">&#x627;&#x644;&#x623;&#x641;&#x644;&#x627;&#x637;&#x648;&#x646;&#x64A;&#x629; &#x627;&#x644;&#x62D;&#x62F;&#x64A;&#x62B;&#x629;</subfield>
    <subfield code="9">16504</subfield>
  </datafield>
  <datafield tag="700" ind1=" " ind2=" ">
    <subfield code="a">&#x628;&#x62F;&#x648;&#x64A;&#x60C;&#x639;&#x628;&#x62F; &#x627;&#x644;&#x631;&#x62D;&#x645;&#x646;</subfield>
    <subfield code="9">16353</subfield>
  </datafield>
  <datafield tag="700" ind1=" " ind2=" ">
    <subfield code="a">Aflaton</subfield>
    <subfield code="9">16355</subfield>
  </datafield>
  <datafield tag="700" ind1=" " ind2=" ">
    <subfield code="a">Harmas</subfield>
    <subfield code="9">16356</subfield>
  </datafield>
  <datafield tag="942" ind1=" " ind2=" ">
    <subfield code="c">BB</subfield>
    <subfield code="k">184&#x628;  &#x62F; &#x648;</subfield>
    <subfield code="2">ddc</subfield>
  </datafield>
  <datafield tag="999" ind1=" " ind2=" ">
    <subfield code="c">6756</subfield>
    <subfield code="d">6756</subfield>
  </datafield>
  <datafield tag="952" ind1=" " ind2=" ">
    <subfield code="0">0</subfield>
    <subfield code="1">0</subfield>
    <subfield code="2">ddc</subfield>
    <subfield code="4">0</subfield>
    <subfield code="7">0</subfield>
    <subfield code="8">Alef-Baa</subfield>
    <subfield code="a">MAIN</subfield>
    <subfield code="b">MAIN</subfield>
    <subfield code="c">LOW</subfield>
    <subfield code="d">2011-02-22</subfield>
    <subfield code="e">purchase</subfield>
    <subfield code="o">184 &#x628; &#x62F; &#x648;</subfield>
    <subfield code="p">000008414</subfield>
    <subfield code="r">2025-07-15 00:00:00</subfield>
    <subfield code="y">BB</subfield>
  </datafield>
</record>
